[Event "Irkutsk Spring"]
[Site "Irkutsk"]
[Date "2016.04.30"]
[Round "9"]
[White "Kyshtymov, Daniil"]
[Black "Lukyanov, Vladimir"]
[Result "1-0"]
[WhiteElo "1875"]
[BlackElo "1765"]
[PlyCount "120"]
[EventDate "2016.04.09"]
[EventType "swiss"]
[EventRounds "9"]
[EventCountry "RUS"]
[SourceTitle "EXT 2022"]
[Source "ChessBase"]
[SourceDate "2021.10.06"]
[SourceVersion "1"]
[SourceVersionDate "2021.10.06"]
[SourceQuality "1"]

1. e4 e6 2. d4 d5 3. Nd2 c5 4. exd5 exd5 5. dxc5 Bxc5 6. Bd3 Nf6 7. Ne2 0-0 8. 0-0 Nc6 9. c3 Bg4 10. Nb3 Bb6 11. Bg5 Re8 12. h3 Bh5 13. Qc2 Kh8 14. Nf4 Bg6 15. Bxg6 hxg6 16. Rad1 Re5 17. Bxf6 gxf6 18. Qd2 Qf8 19. Nxd5 Rd8 20. c4 Ne7 21. Qf4 Nxd5 22. Rxd5 Rdxd5 23. Qxf6+ Qg7 24. Qxg7+ Kxg7 25. cxd5 Rxd5 26. Rc1 Kf6 27. Kf1 Ke6 28. Rc2 Rd1+ 29. Ke2 Rg1 30. Kf3 Rf1 31. Nc5+ Bxc5 32. Rxc5 Kd6 33. Rc2 Rb1 34. Kg4 f6 35. Rd2+ Ke7 36. Re2+ Kd6 37. f4 Rf1 38. h4 Rh1 39. g3 Rg1 40. Re3 Rg2 41. Rb3 b6 42. f5 gxf5+ 43. Kxf5 Rf2+ 44. Kg6 f5 45. h5 f4 46. gxf4 Rxf4 47. Re3 Rg4+ 48. Kh7 Rg2 49. b3 Rxa2 50. Rg3 Ke6 51. h6 Kf7 52. Kh8 a5 53. Rg7+ Kf8 54. Rb7 a4 55. bxa4 Rxa4 56. Rxb6 Ra8 57. Rf6+ Ke7+ 58. Kg7 Ra1 59. h7 Rh1 60. Rh6 Rg1+ 1-0

[Event "Irkutsk Spring"]
[Site "Irkutsk"]
[Date "2016.04.16"]
[Round "4"]
[White "Lukyanov, Vladimir"]
[Black "Ergeshov, Chingiz"]
[Result "0-1"]
[WhiteElo "1765"]
[BlackElo "1865"]
[PlyCount "96"]
[EventDate "2016.04.09"]
[EventType "swiss"]
[EventRounds "9"]
[EventCountry "RUS"]
[SourceTitle "EXT 2022"]
[Source "ChessBase"]
[SourceDate "2021.10.06"]
[SourceVersion "1"]
[SourceVersionDate "2021.10.06"]
[SourceQuality "1"]

1. c4 Nf6 2. Nf3 e6 3. g3 b6 4. Bg2 Bb7 5. 0-0 Be7 6. b3 0-0 7. Bb2 d5 8. Ne5 Nfd7 9. d4 Nxe5 10. dxe5 c6 11. Qc2 dxc4 12. Rd1 cxb3 13. Qxb3 Qc8 14. Nd2 Na6 15. Qc3 Nb4 16. Qc4 Rb8 17. Qg4 Nd5 18. Bh3 c5 19. Ne4 Kh8 20. Bg2 Qc6 21. Bf3 Qa4 22. Rd2 c4 23. Qh5 b5 24. a3 Qb3 25. Rc1 a5 26. h4 b4 27. axb4 axb4 28. Rcc2 c3 29. Bxc3 bxc3 30. Nxc3 Nxc3 31. Rb2 Bxf3 32. Qxf3 Qa3 33. Rbc2 Rb1+ 34. Kg2 Nb5 35. Qxa3 Nxa3 36. Rc7 Bb4 37. Rdd7 Kg8 38. Rd3 Rb2 39. e3 Rc2 40. Rb7 Bc5 41. Rc7 Nc4 42. Kg1 Bb6 43. Rd1 Bxc7 44. Rd7 Nxe5 45. Rd1 g6 46. Kg2 Rb8 47. Rd4 Rbb2 48. Rf4 Nd3 0-1

[Event "Irkutsk-ch sf"]
[Site "Irkutsk"]
[Date "2010.02.22"]
[Round "3"]
[White "Shigorov, Vitaly"]
[Black "Lukyanov, Vladimir"]
[Result "1-0"]
[WhiteElo "1947"]
[BlackElo "2171"]
[PlyCount "121"]
[EventDate "2010.02.20"]
[EventType "swiss"]
[EventRounds "7"]
[EventCountry "RUS"]
[SourceTitle "EXT 2022"]
[Source "ChessBase"]
[SourceDate "2021.10.06"]
[SourceVersion "1"]
[SourceVersionDate "2021.10.06"]
[SourceQuality "1"]

1. e4 c6 2. d4 d5 3. exd5 cxd5 4. c4 Nf6 5. Nc3 e6 6. Nf3 Be7 7. Be3 0-0 8. Qc2 Nc6 9. cxd5 Nxd5 10. Nxd5 exd5 11. a3 Qa5+ 12. Nd2 Bf6 13. Bd3 h6 14. 0-0 Bxd4 15. Nb3 Qb6 16. Nxd4 Nxd4 17. Qc3 Nb5 18. Bxb6 Nxc3 19. Bc5 Na4 20. Bxf8 Nxb2 21. Bxg7 Kxg7 22. Be2 Nc4 23. Rfd1 Be6 24. Bf3 Rd8 25. Rd4 b5 26. Rb1 a6 27. a4 bxa4 28. Rb4 Ne5 29. Rxa4 Nxf3+ 30. gxf3 Ra8 31. Kf1 Bd7 32. Ra5 Bb5+ 33. Ke1 Bc4 34. Kd2 Re8 35. Rg4+ Kf8 36. Rc5 Re2+ 37. Kc3 Rxf2 38. Rf4 Re2 39. Rc8+ Re8 40. Rc7 Re7 41. Rc6 Kg7 42. Rg4+ Kh7 43. Kd4 Be2 44. Rf6 Bc4 45. Rh4 Kg7 46. Rfxh6 Re2 47. Rb6 Re7 48. Rg4+ Kh7 49. Rb2 Re6 50. Rf4 Kg7 51. Rb7 Rf6 52. Rg4+ Kh7 53. Rg3 Kh6 54. Rb8 Kh7 55. Rbg8 Rf5 56. R8g7+ Kh6 57. R3g4 Rh5 58. Rg8 Kh7 59. R4g7+ Kh6 60. Rg2 Kh7 61. R8g7+ 1-0